000 03673cam a22012134i 4500
003 PE-LiUPU
005 20250813185555.0
008 150706s2007 mx a r 000 0 spa d
020 _a9789682467448
035 _a(Sirsi) i9789682467448
040 _aPE-LiUPU
_bspa
_cPE-LiUPU
_erda
049 _aPRUA
082 0 4 _a373.38
_bS732007
_221
100 1 _aSefchovich,Galia,
_eautor.
245 1 0 _aHacia una Pedagogía de la creatividad /
_cGalia Sefchovich.
250 _a4a edición.
264 1 _aMéxico :
_bTrillas,
_c2007.
300 _a149 páginas :
_bilustraciones ;
_c23 centímetros
336 _atext
_2rdacontent
337 _aunmediated
_2rdamedia
338 _avolume
_2rdacarrier
505 0 _aFilosofía -- La expresión en todas sus manifestaciones -- La creatividad como forma de vida -- La creatividad de cada persona es recuperable -- Inteligencia y creatividad -- El proceso creativo -- El proceso de desarrollo del arte en el niño -- Prospectiva: hacía una pedagogía de la creatividad -- Metodología -- Advertencia -- Formación del facilitador -- ¿Cuáles son las técnicas básicas y con qué criterio se habrán de introducier? -- Programación de las actividades plásticas -- Un modelo para elaborar un programa de creatividad en la escuela -- Ayudas colaterales que ofrece el taller de plástica en la escuela -- En la casa -- Didáctica -- Dibujo libre -- Pintura -- Pintura de dedos -- Modelado -- Recorte y pegado -- Trabajo con herramientas -- Progresión de la técnicas básicas.
526 _aP202
526 _aP201
526 _aP163
526 _aP162
526 _aP161
526 _aP160
526 _aP148
526 _aP147
526 _aP146
526 _aP145
526 _aP144
526 _aP143
526 _aP142
526 _aP141
526 _aP140
526 _aP139
526 _aP138
526 _aP137
526 _aP136
526 _aP135
526 _aP134
526 _aP133
526 _aP129
526 _aP128
526 _aP127
526 _aP120
526 _aP119
526 _aP118
526 _aP116
526 _aP115
526 _aP114
526 _aP110
526 _aP109
526 _aP108
526 _aP104
526 _aP103
526 _aP102
526 _aP99
526 _aP98
526 _aP97
526 _aP96
526 _aP95
526 _aP93
526 _aP90
526 _aP89
526 _aP88
526 _aP83
526 _aP82
526 _aP62
526 _aP59
526 _aP58
526 _aP57
526 _aP51
526 _aP49
526 _aP48
526 _aP47
526 _aP29
526 _aP24
526 _aP20
526 _aP19
526 _aP17
526 _aP15
526 _aP14
526 _aP12
526 _aP10
526 _aP09
526 _aP08
526 _aP07
526 _aP06
526 _aP05
526 _aP04
526 _aP01
541 _g015-0011617;
650 0 4 _aPensamiento creativo (Educación).
_95107
700 1 _aWaisburd, Gilda,
_eautor.
910 _bjv
_cng
_d20100520
942 _2ddc
_cBOOK
949 _a373.38 S73 2007
_wDEWEY
_c1
_i61736
_d2016-11-8
_e2016-10-27
_lCCODEBUL1
_mBUL
_n5
_p20.00
_r0
_sY
_tBOOK
_u2015-7-6
_xEDUCACION
_PP20
_0COMPRA
_o.STAFF. Colección General
994 _aC0
_bPEPRU
596 _a1
999 _a373.38 S73 2007
_wDEWEY
_c50892
_i61736
_d50892
_e2018-11-7
_f2021-11-30
_g5
_lCCODEBUL1
_mBUL
_n7
_p20.00
_q3
_r0
_sY
_tBOOK
_u2015-7-6
_xEDUCACION
_PP20
_0COMPRA
_o.STAFF. Colección General
980 _81
_gALBERTO SANCHEZ Responsable de Automatización